Auditing et assurance services: A systematic approach

Gespeichert in:
Bibliographische Detailangaben
1. Verfasser: William F. Messier
Format: Buch
Sprache:Undetermined
Veröffentlicht: Boston, MA McGraw-Hill 2003
Schlagworte:
Tags: Tag hinzufügen
Keine Tags, Fügen Sie den ersten Tag hinzu!
Thư viện lưu trữ: Trung tâm Học liệu Trường Đại học Cần Thơ
LEADER 00514nam a2200193Ia 4500
001 CTU_65830
008 210402s9999 xx 000 0 und d
020 |b 2093000 
082 |a 657.45 
082 |b M585 
100 |a William F. Messier 
245 0 |a Auditing et assurance services: A systematic approach 
245 0 |c William F. Messier 
260 |a Boston, MA 
260 |b McGraw-Hill 
260 |c 2003 
650 |a auditing 
904 |i Minh 
980 |a Trung tâm Học liệu Trường Đại học Cần Thơ